| 000 | 00833nam a22002057a 4500 | ||
|---|---|---|---|
| 005 | 2011101201591.0 | ||
| 008 | 111012t xxu||||| |||| 00| 0 eng d | ||
| 010 | _aENG-103958 | ||
| 020 | _c50.00 | ||
| 035 | _aEN-87491 | ||
| 037 | _bDBAD/PUB | ||
| 040 |
_aDPL _bEng |
||
| 082 | _a346.54077 | ||
| 245 |
_aThe recovery of debts due to banks and financial institutions act, 1993 (51 of 1993) along with short notes _heng |
||
| 260 |
_aDelhi _bUniversal Law Publishing _c2011 |
||
| 270 |
_aC-FF-1A, Dilkhush Industrial Estate, (Opp. Hans Cinema, Azadpur) G.T. Karnal Road, _bDelhi _e110033 |
||
| 300 |
_av,50,6p. _c24cm (pbk) |
||
| 942 |
_2ddc _cEN _h346.54077 _mREC |
||
| 999 |
_c57571 _d57571 |
||